[Event "UzChess Cup Challengers"]
[Site "Tashkent UZB"]
[Date "2024.06.06"]
[Round "1.1"]
[White "Matlakov, Maxim"]
[Black "Predke, Alexandr"]
[Result "1/2-1/2"]
[WhiteTitle "GM"]
[BlackTitle "GM"]
[WhiteElo "2657"]
[BlackElo "2667"]
[WhiteFideId "4168003"]
[BlackFideId "24107581"]
[EventDate "2024.06.06"]

1. d4 Nf6 2. c4 e6 3. Nf3 d5 4. g3 dxc4 5. Bg2 Nc6 6. Qa4 Bb4+ 7. Bd2 Nd5 8.
Bxb4 Nxb4 9. Nc3 Bd7 10. O-O a5 11. Qd1 O-O 12. e3 a4 13. Nxa4 Nxd4 14. Qxd4
Rxa4 15. Qxc4 Bc6 16. b3 Rxa2 17. Qxb4 Rxa1 18. Rxa1 Bxf3 19. Bxf3 Qf6 20. Ra7
Qxf3 21. Qxb7 c6 22. Ra6 Qd1+ 23. Kg2 Qd5+ 24. Kg1 Qd1+ 25. Kg2 Qd5+ 1/2-1/2

[Event "UzChess Cup Challengers"]
[Site "Tashkent UZB"]
[Date "2024.06.06"]
[Round "1.2"]
[White "Indjic, Aleksandar"]
[Black "Suleymanli, Aydin"]
[Result "1-0"]
[WhiteTitle "GM"]
[BlackTitle "GM"]
[WhiteElo "2602"]
[BlackElo "2626"]
[WhiteFideId "911925"]
[BlackFideId "13413937"]
[EventDate "2024.06.06"]

1. Nf3 Nf6 2. c4 e6 3. Nc3 d5 4. e3 Be7 5. b3 O-O 6. Bb2 c5 7. cxd5 Nxd5 8. Qc2
Nc6 9. a3 Nxc3 10. dxc3 e5 11. Bc4 Kh8 12. h4 f6 13. h5 f5 14. h6 e4 15. hxg7+
Kxg7 16. Nd2 Ne5 17. O-O-O Qe8 18. Be2 Bf6 19. f4 exf3 20. gxf3 Ng6 21. Nc4 b5
22. Nd6 Qxe3+ 23. Kb1 c4 24. bxc4 bxc4 25. Bxc4 Rb8 26. Bb5 Qe5 27. Rhe1 Qc5 28.
c4 Bd7 29. Ne4 fxe4 30. Rxd7+ Rf7 31. Rxf7+ Kxf7 32. Qh2 Bxb2 33. Qxb8 Bf6 34.
Be8+ Kg7 35. Bxg6 hxg6 36. Qb7+ Kf8 37. Qb4 Qxb4+ 38. axb4 exf3 39. Rf1 Be7 40.
Rxf3+ Ke8 41. c5 1-0

[Event "UzChess Cup Challengers"]
[Site "Tashkent UZB"]
[Date "2024.06.06"]
[Round "1.3"]
[White "Vakhidov, Jakhongir"]
[Black "Yilmaz, Mustafa"]
[Result "1-0"]
[WhiteTitle "GM"]
[BlackTitle "GM"]
[WhiteElo "2580"]
[BlackElo "2601"]
[WhiteFideId "14201801"]
[BlackFideId "6302718"]
[EventDate "2024.06.06"]

1. d4 Nf6 2. c4 e6 3. Nf3 d5 4. Nc3 Bb4 5. Qa4+ Nc6 6. e3 O-O 7. Qc2 Re8 8. Bd2
Bf8 9. a3 e5 10. dxe5 Nxe5 11. cxd5 Nxf3+ 12. gxf3 Nxd5 13. Bd3 Nxc3 14. Bxc3
Qh4 15. O-O-O g6 16. f4 Bg7 17. Bxg7 Kxg7 18. f5 Qf6 19. Rhg1 Qc6 20. Qxc6 bxc6
21. Rg4 Re5 22. e4 Re8 23. Bc2 Kf6 24. Rh4 gxf5 25. exf5 Bxf5 26. Rf4 Re5 27.
Rd7 Rc8 28. h4 h5 29. Bxf5 Rxf5 30. Rxf7+ Kxf7 31. Rxf5+ Ke6 32. Rxh5 Rf8 33.
Rc5 Kd6 34. Rc3 Rxf2 35. Rh3 Rf6 36. h5 Rh6 37. Kd2 Kd5 38. Rh4 c5 39. Ke3 Ke5
40. Rh1 Rb6 41. b4 cxb4 42. h6 Rb8 43. h7 Rh8 44. axb4 Kd5 45. Kd3 Kc6 46. Kc4
a6 47. Rh6+ Kb7 48. Kc5 Kb8 49. Kc6 Kc8 50. Rg6 1-0

[Event "UzChess Cup Challengers"]
[Site "Tashkent UZB"]
[Date "2024.06.06"]
[Round "1.4"]
[White "Gupta, Abhijeet"]
[Black "Romanov, Evgeny"]
[Result "1-0"]
[WhiteTitle "GM"]
[BlackTitle "GM"]
[WhiteElo "2589"]
[BlackElo "2577"]
[WhiteFideId "5010608"]
[BlackFideId "4148843"]
[EventDate "2024.06.06"]

1. d4 d5 2. Nf3 Nf6 3. c4 dxc4 4. e3 e6 5. Bxc4 a6 6. Be2 Be7 7. O-O Nbd7 8.
Nbd2 O-O 9. b3 b6 10. Ne5 Bb7 11. Bf3 Nd5 12. Nxd7 Qxd7 13. Bb2 a5 14. a3 Rfd8
15. Nc4 Qe8 16. Re1 b5 17. Ne5 c5 18. dxc5 Bxc5 19. Bh5 g6 20. Bf3 Be7 21. Ng4
Qf8 22. Qd4 f6 23. Bxd5 Bxd5 24. e4 Bxb3 25. Qc3 a4 26. Nxf6+ Bxf6 27. Qxf6 Qxf6
28. Bxf6 Rd3 29. Rac1 Bc4 30. Bc3 Rad8 31. f3 Kf7 32. h4 e5 33. Kf2 Ke6 34. h5
g5 35. Re3 Rxe3 36. Kxe3 h6 37. Kf2 Rd3 38. Bb4 Kf7 39. Rc2 Kg7 40. Rd2 Rxd2+
41. Bxd2 Bf7 42. g4 Bb3 43. Ke1 Kf7 44. Bb4 Be6 45. Kd2 Kg8 46. Bc3 Kf7 47. Bxe5
Kg8 48. Bc3 Kf7 49. Ke3 Bb3 50. Ke2 Bc4+ 51. Kf2 Bd3 52. Bd2 Kf6 53. Ke3 Bc2 54.
f4 Bd1 55. e5+ Ke6 56. fxg5 hxg5 57. h6 Bc2 58. Kd4 Bb1 59. Bxg5 Bc2 60. Bd2 Bb1
61. Bc3 Bc2 62. Kc5 Bd3 63. Kc6 Ke7 64. Kd5 Bc4+ 65. Kd4 Kf7 66. Kc5 Kg6 67. g5 1-0

[Event "UzChess Cup Challengers"]
[Site "Tashkent UZB"]
[Date "2024.06.06"]
[Round "1.5"]
[White "Donchenko, Alexander"]
[Black "Vokhidov, Shamsiddin"]
[Result "1/2-1/2"]
[WhiteTitle "GM"]
[BlackTitle "GM"]
[WhiteElo "2639"]
[BlackElo "2624"]
[WhiteFideId "24603295"]
[BlackFideId "14204223"]
[EventDate "2024.06.06"]

1. d4 Nf6 2. Nf3 d5 3. c3 Bf5 4. Bf4 e6 5. Qb3 Qc8 6. e3 Bd6 7. Bb5+ Nbd7 8.
Bxd6 cxd6 9. Nbd2 h6 10. O-O O-O 11. Rfc1 Qc7 12. c4 Rfc8 13. Qa3 a6 14. Bxd7
Qxd7 15. Rc3 dxc4 16. Rxc4 Ne4 17. Rac1 b5 18. Rxc8+ Rxc8 19. b4 Qb7 20. h3 1/2-1/2

[Event "UzChess Cup Challengers"]
[Site "Tashkent UZB"]
[Date "2024.06.07"]
[Round "2.1"]
[White "Predke, Alexandr"]
[Black "Vokhidov, Shamsiddin"]
[Result "0-1"]
[WhiteTitle "GM"]
[BlackTitle "GM"]
[WhiteElo "2667"]
[BlackElo "2624"]
[WhiteFideId "24107581"]
[BlackFideId "14204223"]
[EventDate "2024.06.06"]

1. d4 Nf6 2. c4 e6 3. Nc3 Bb4 4. e3 O-O 5. Bd3 d5 6. Nf3 dxc4 7. Bxc4 c5 8. O-O
cxd4 9. exd4 b6 10. Qa4 Be7 11. Be3 Bb7 12. Ne5 Nfd7 13. Nxf7 Kxf7 14. Bxe6+
Kxe6 15. Qc4+ Kf6 16. d5 h5 17. Qe4 Kf7 18. Qe6+ Ke8 19. d6 Rf7 20. Bg5 Nf6 21.
dxe7 Qxe7 22. Qh3 Kf8 23. Rfe1 Qc5 24. Rad1 Nbd7 25. Bf4 Kg8 26. Bd6 Qg5 27. Rd4
Re8 28. Red1 Ng4 29. Qg3 Qf6 30. R4d2 Nde5 0-1

[Event "UzChess Cup Challengers"]
[Site "Tashkent UZB"]
[Date "2024.06.07"]
[Round "2.2"]
[White "Romanov, Evgeny"]
[Black "Donchenko, Alexander"]
[Result "1/2-1/2"]
[WhiteTitle "GM"]
[BlackTitle "GM"]
[WhiteElo "2577"]
[BlackElo "2639"]
[WhiteFideId "4148843"]
[BlackFideId "24603295"]
[EventDate "2024.06.06"]

1. e4 c5 2. Nf3 d6 3. d4 cxd4 4. Nxd4 Nf6 5. f3 e5 6. Nb3 d5 7. Bg5 d4 8. c3 Nc6
9. cxd4 Bb4+ 10. Bd2 Nxe4 11. Bxb4 Qh4+ 12. g3 Nxg3 13. hxg3 Qxh1 14. Bc5 b6 15.
d5 Ba6 16. N3d2 bxc5 17. Qa4 O-O 18. dxc6 Bxf1 19. Nxf1 Qxf3 20. Nbd2 Qd5 21.
Ne3 Qh1+ 22. Ndf1 Rac8 23. Nf5 Kh8 24. O-O-O Qxc6 25. Qh4 Rb8 26. N1e3 Qb6 27.
Rd2 c4 28. Nxc4 Qe6 29. Qe4 Rbc8 30. b3 Rfd8 31. Rh2 g6 32. Nh6 Kg7 33. Ng4 Rd4
34. Qxe5+ Qxe5 35. Nxe5 h5 36. Nf3 Rg4 37. Rh3 f5 38. Kd2 Kf6 39. Ne3 Rd8+ 40.
Ke2 Re4 41. Nd2 Re6 42. Nc4 g5 43. Rxh5 Kg6 44. Rh2 f4 45. gxf4 gxf4 46. Rg2+
Kf6 47. Rf2 Kg5 48. Rg2+ Kf6 1/2-1/2

[Event "UzChess Cup Challengers"]
[Site "Tashkent UZB"]
[Date "2024.06.07"]
[Round "2.3"]
[White "Yilmaz, Mustafa"]
[Black "Gupta, Abhijeet"]
[Result "1-0"]
[WhiteTitle "GM"]
[BlackTitle "GM"]
[WhiteElo "2601"]
[BlackElo "2589"]
[WhiteFideId "6302718"]
[BlackFideId "5010608"]
[EventDate "2024.06.06"]

1. Nf3 d5 2. d4 c5 3. c4 cxd4 4. cxd5 Nf6 5. Qxd4 Qxd5 6. Nc3 Qxd4 7. Nxd4 a6 8.
g3 e5 9. Nb3 Nc6 10. Bg2 a5 11. Bg5 Be6 12. O-O a4 13. Nd2 Be7 14. Bxf6 gxf6 15.
Nd5 Bxd5 16. Bxd5 Nd4 17. e3 Rd8 18. Bc4 O-O 19. Rfd1 Bb4 20. Ne4 Nf3+ 21. Kg2
Nd2 22. Nxd2 Bxd2 23. Bb5 a3 24. bxa3 f5 25. Rab1 Rd6 26. Ba4 b6 27. Rb5 Ra8 28.
Bb3 Ra5 29. Rxa5 bxa5 30. Kf1 a4 31. Bxa4 Rd8 32. f4 Kg7 33. fxe5 Ba5 34. Rxd8
Bxd8 35. Bd7 Bc7 36. e6 fxe6 37. Bxe6 Kf6 38. Bc8 Ke5 39. Ke2 h6 40. a4 Ba5 41.
Kf3 Bc7 42. Bd7 Bb6 43. h3 Bc7 44. g4 fxg4+ 45. Bxg4 Bd8 1-0

[Event "UzChess Cup Challengers"]
[Site "Tashkent UZB"]
[Date "2024.06.07"]
[Round "2.4"]
[White "Suleymanli, Aydin"]
[Black "Vakhidov, Jakhongir"]
[Result "1-0"]
[WhiteTitle "GM"]
[BlackTitle "GM"]
[WhiteElo "2626"]
[BlackElo "2580"]
[WhiteFideId "13413937"]
[BlackFideId "14201801"]
[EventDate "2024.06.06"]

1. e4 c5 2. Nf3 Nc6 3. Bb5 e6 4. Bxc6 bxc6 5. d3 Qc7 6. O-O Ne7 7. h4 d6 8. h5
e5 9. Nh2 h6 10. f4 exf4 11. Bxf4 g5 12. Bd2 Bg7 13. Bc3 O-O 14. Bxg7 Kxg7 15.
Qd2 Be6 16. Qc3+ Kh7 17. Nd2 Rae8 18. Rae1 Qb8 19. a3 Qd8 20. Rf6 Ng8 21. Rf2 f5
22. exf5 Bxf5 23. Rxe8 Qxe8 24. Nc4 Qe7 25. d4 Be6 26. Re2 Rf4 27. Qe1 1-0

[Event "UzChess Cup Challengers"]
[Site "Tashkent UZB"]
[Date "2024.06.07"]
[Round "2.5"]
[White "Matlakov, Maxim"]
[Black "Indjic, Aleksandar"]
[Result "0-1"]
[WhiteTitle "GM"]
[BlackTitle "GM"]
[WhiteElo "2657"]
[BlackElo "2602"]
[WhiteFideId "4168003"]
[BlackFideId "911925"]
[EventDate "2024.06.06"]

1. d4 d5 2. c4 e6 3. Nc3 Nf6 4. cxd5 exd5 5. Bg5 Be7 6. e3 h6 7. Bh4 O-O 8. Bd3
c6 9. Nge2 Re8 10. O-O Nbd7 11. a4 Nh5 12. Bxe7 Qxe7 13. a5 Ndf6 14. Re1 Ng4 15.
g3 Ngf6 16. Nc1 g6 17. Bf1 Bg4 18. f3 Be6 19. Nd3 Ng7 20. Qa4 Qc7 21. Rac1 a6
22. Qb4 Rad8 23. Na4 Nf5 24. Qb6 Qxb6 25. axb6 Bc8 26. Kf2 Nd6 27. Ne5 Nd7 28.
Nxc6 bxc6 29. Rxc6 Nb8 30. Rc7 Bd7 31. Nc5 Bb5 32. Bh3 Kf8 33. b3 Re7 34. Rc1 f5
35. g4 Nd7 36. gxf5 gxf5 37. Nb7 Nxb7 38. Rxb7 Rf7 39. Rcc7 Rf6 40. Kg3 f4+ 41.
exf4 Rxb6 42. Rxb6 Nxb6 43. Be6 Rd6 44. f5 Bd7 45. Kf4 Bxe6 46. Ke5 Rd7 47. Rc6
Bxf5 48. Kxf5 Rf7+ 49. Ke5 Re7+ 50. Kd6 Rb7 51. Kc5 Nd7+ 52. Kxd5 Rb5+ 53. Ke6
Nb6 54. Rc3 Nd5 55. Rc6 Kg7 56. Kd6 Nb4 57. Rc5 Rb6+ 58. Kd7 Nd3 59. Ra5 Rxb3
60. Rxa6 Nf4 61. Ra5 Rd3 62. Kd6 Kf6 63. d5 Rd2 64. h4 Rd3 65. Rc5 Rxf3 66. Rc6
h5 67. Kc7+ Ke5 68. d6 Ne6+ 69. Kd7 Rg3 70. Rb6 Rg7+ 71. Kc8 Rg8+ 72. Kd7 Rg7+
73. Kc8 Rh7 74. d7 Rh8+ 75. Kb7 Kd5 76. Rb1 Kd6 77. Rd1+ Ke7 78. Rd5 Kd8 79. Rd6
Rh6 80. Ka7 Rg6 81. Rd5 Nf4 82. Rf5 Rg4 83. Rf7 Rxh4 84. Kb7 Ng6 0-1

[Event "UzChess Cup Challengers"]
[Site "Tashkent UZB"]
[Date "2024.06.08"]
[Round "3.1"]
[White "Indjic, Aleksandar"]
[Black "Predke, Alexandr"]
[Result "1/2-1/2"]
[WhiteTitle "GM"]
[BlackTitle "GM"]
[WhiteElo "2602"]
[BlackElo "2667"]
[WhiteFideId "911925"]
[BlackFideId "24107581"]
[EventDate "2024.06.06"]

1. Nf3 Nf6 2. c4 c5 3. Nc3 e6 4. e3 d5 5. cxd5 exd5 6. d4 c4 7. Bd2 a6 8. a4 Nc6
9. b3 cxb3 10. Qxb3 Bf5 11. Be2 Na5 12. Qa2 Rc8 13. O-O Bb4 14. Rfc1 O-O 15. Ne5
Nc6 16. Bd3 Bxd3 17. Nxd3 Bd6 18. Ne2 Qd7 19. Rab1 Qf5 20. Ndf4 Rc7 21. Ng3 Qg5
22. h4 Qg4 23. Nxd5 Nxd5 24. Qxd5 Bxg3 25. fxg3 Qxg3 26. h5 h6 27. Qf3 Qd6 28.
Be1 Rd7 29. Rc5 Re8 30. Bh4 f6 31. Bg3 Qe7 32. Bf4 Qf7 33. Qg4 Kh8 34. Rb2 Red8
35. Qf3 Qe7 36. Kf2 Qf7 37. Qe4 Qf8 38. Qc2 Qe7 39. Rb1 1/2-1/2

[Event "UzChess Cup Challengers"]
[Site "Tashkent UZB"]
[Date "2024.06.08"]
[Round "3.2"]
[White "Vakhidov, Jakhongir"]
[Black "Matlakov, Maxim"]
[Result "1/2-1/2"]
[WhiteTitle "GM"]
[BlackTitle "GM"]
[WhiteElo "2580"]
[BlackElo "2657"]
[WhiteFideId "14201801"]
[BlackFideId "4168003"]
[EventDate "2024.06.06"]

1. c4 e5 2. Nc3 Nf6 3. e3 Nc6 4. Qb3 Bc5 5. d3 O-O 6. Nf3 d6 7. Be2 a6 8. O-O
Ba7 9. a3 Re8 10. Rd1 Ne7 11. h3 Ng6 12. Bd2 h6 13. Be1 c6 14. Ne4 Nh7 15. Bb4
c5 16. Be1 f5 17. Nc3 Nf6 18. Qc2 Qe7 19. b4 Qf7 20. Rab1 Be6 21. bxc5 Bxc5 22.
Na4 Ba7 23. Nb6 Rad8 24. Ba5 Ne7 25. Na4 Rd7 26. d4 exd4 27. exd4 f4 28. Bb6
Bxb6 29. Nxb6 Rc7 30. Rbc1 Bf5 31. Bd3 Bxd3 32. Qxd3 Nc8 33. Na4 Ne4 34. Re1
Rce7 35. d5 Ng5 36. Rxe7 Nxf3+ 37. Qxf3 Nxe7 38. Re1 Ng6 39. Rxe8+ Qxe8 40. Nb2
Qe1+ 41. Kh2 Ne5 42. Qxf4 Qc3 43. Qe4 Qxa3 44. c5 Qxb2 45. cxd6 g5 46. d7 Nf7
47. Qe8+ Kg7 48. Qxf7+ Kxf7 49. d8=Q Qxf2 50. Qc7+ Kg6 51. Qxb7 1/2-1/2

[Event "UzChess Cup Challengers"]
[Site "Tashkent UZB"]
[Date "2024.06.08"]
[Round "3.3"]
[White "Gupta, Abhijeet"]
[Black "Suleymanli, Aydin"]
[Result "1-0"]
[WhiteTitle "GM"]
[BlackTitle "GM"]
[WhiteElo "2589"]
[BlackElo "2626"]
[WhiteFideId "5010608"]
[BlackFideId "13413937"]
[EventDate "2024.06.06"]

1. Nf3 Nf6 2. c4 e6 3. Nc3 d5 4. d4 c5 5. cxd5 cxd4 6. Qxd4 exd5 7. Bg5 Be7 8.
e3 O-O 9. Be2 Nc6 10. Qd3 h6 11. Bh4 Qb6 12. O-O Rd8 13. Rfd1 Be6 14. Nb5 Rac8
15. Nbd4 Bd7 16. Rab1 a5 17. a3 g6 18. h3 Ne4 19. Bxe7 Nxe7 20. Bf1 Ba4 21. Re1
Nc5 22. Qd2 Ne4 23. Qe2 Rc7 24. Rec1 Rdc8 25. Rxc7 Rxc7 26. Qe1 Rc8 27. Bd3 Nc5
28. Qd2 Nb3 29. Nxb3 Bxb3 30. Nd4 Nc6 31. Nf3 Bc4 32. Bxc4 dxc4 33. e4 g5 34.
Qc3 Qc5 35. Rd1 Qe7 36. Qxc4 Re8 37. Qc3 Qe6 38. Nh2 Qxe4 39. Ng4 Qe2 40. Rd2
Qe1+ 41. Kh2 Re2 42. Nxh6+ 1-0

[Event "UzChess Cup Challengers"]
[Site "Tashkent UZB"]
[Date "2024.06.08"]
[Round "3.4"]
[White "Donchenko, Alexander"]
[Black "Yilmaz, Mustafa"]
[Result "1/2-1/2"]
[WhiteTitle "GM"]
[BlackTitle "GM"]
[WhiteElo "2639"]
[BlackElo "2601"]
[WhiteFideId "24603295"]
[BlackFideId "6302718"]
[EventDate "2024.06.06"]

1. d4 Nf6 2. c4 e6 3. Nf3 d5 4. g3 dxc4 5. Bg2 c5 6. O-O Nc6 7. Qa4 Bd7 8. Qxc4
b5 9. Qd3 c4 10. Qd1 Rc8 11. Bf4 h6 12. a3 Na5 13. Nc3 Nb3 14. Rb1 Be7 15. Ne5
O-O 16. Bh3 Bc6 17. Nxc6 Rxc6 18. Nxb5 Qa5 19. a4 Qxa4 20. Nc3 Qa5 21. Bg2 Rcc8
22. d5 Rfd8 23. e4 Bb4 24. Be5 Nd7 25. Bf4 Nf6 26. Be5 Nd7 27. Bf4 e5 28. Bd2
Ndc5 29. Be3 Rb8 30. Qg4 Rb6 31. Rfd1 Bxc3 32. bxc3 Qxc3 33. d6 Kh7 34. Qf5+ Kg8
35. Qg4 Kh7 36. Qf5+ Kg8 1/2-1/2

[Event "UzChess Cup Challengers"]
[Site "Tashkent UZB"]
[Date "2024.06.08"]
[Round "3.5"]
[White "Vokhidov, Shamsiddin"]
[Black "Romanov, Evgeny"]
[Result "1/2-1/2"]
[WhiteTitle "GM"]
[BlackTitle "GM"]
[WhiteElo "2624"]
[BlackElo "2577"]
[WhiteFideId "14204223"]
[BlackFideId "4148843"]
[EventDate "2024.06.06"]

1. e4 e6 2. d4 d5 3. e5 c5 4. c3 Nc6 5. Nf3 Bd7 6. Be2 Nge7 7. O-O cxd4 8. cxd4
Nf5 9. Nc3 a6 10. Kh1 Rc8 11. a3 Be7 12. g4 Nh4 13. Nxh4 Bxh4 14. f4 Be7 15. Rf3
Qb6 16. Be3 Na5 17. Rb1 Nc4 18. Bf2 f6 19. Bd3 fxe5 20. fxe5 Kd8 21. Rf7 g5 22.
Qe2 h6 23. Kg1 Be8 24. Rf3 h5 25. h3 Rh6 26. Kg2 Qc6 27. Rc1 b5 28. Na2 Qb7 29.
Rc2 a5 30. Nc1 a4 31. Qf1 Qd7 32. Ne2 Bg6 33. Bxg6 Rxg6 34. Kg1 hxg4 35. hxg4
Qe8 36. Be1 Rh6 37. Rf7 Rc7 38. Ng3 Ne3 39. Rxc7 Nxf1 40. Rcxe7 Qxe7 41. Ba5+
Kc8 42. Rxe7 Nxg3 43. Kg2 Ne2 44. Bd2 Rh4 45. Kf3 Nxd4+ 46. Kg3 Ne2+ 47. Kf3
Nd4+ 48. Kg3 Rh1 49. Bxg5 Rg1+ 50. Kh3 Rh1+ 1/2-1/2

[Event "UzChess Cup Challengers"]
[Site "Tashkent UZB"]
[Date "2024.06.09"]
[Round "4.1"]
[White "Predke, Alexandr"]
[Black "Romanov, Evgeny"]
[Result "1/2-1/2"]
[WhiteTitle "GM"]
[BlackTitle "GM"]
[WhiteElo "2667"]
[BlackElo "2577"]
[WhiteFideId "24107581"]
[BlackFideId "4148843"]
[EventDate "2024.06.06"]

1. e4 c5 2. Nf3 e6 3. Be2 Nc6 4. O-O Nf6 5. Nc3 d5 6. exd5 Nxd5 7. Bb5 Nxc3 8.
dxc3 Bd7 9. Re1 Be7 10. Nd2 O-O 11. Qh5 a6 12. Bf1 b5 13. Ne4 e5 14. a4 c4 15.
Rd1 Qc8 16. Nd6 Bxd6 17. Rxd6 Qc7 18. Rd5 b4 19. Rc5 bxc3 20. Rxc4 cxb2 21. Bxb2
Rfe8 22. Bd3 h6 23. Be4 Qb6 24. Ba3 Rac8 25. c3 Nd8 26. Rxc8 Bxc8 27. Rb1 Qc7
28. Qf3 Ne6 29. Bd5 Nf4 30. c4 Nxd5 31. cxd5 Qc2 32. Qb3 Bf5 33. Qxc2 Bxc2 34.
Rb6 Bxa4 35. Rxa6 Bb5 36. Rb6 Bc4 37. d6 Be6 38. f3 Rd8 39. Rb7 Rd7 40. Rb8+ Kh7
41. Bc5 g5 42. Kf2 Kg6 43. Rg8+ Kf6 44. Kg3 Rb7 45. h4 Rb3 46. h5 g4 47. Kf2
Rb2+ 48. Kg3 Rb3 49. Kf2 Rb2+ 50. Kg3 1/2-1/2

[Event "UzChess Cup Challengers"]
[Site "Tashkent UZB"]
[Date "2024.06.09"]
[Round "4.2"]
[White "Yilmaz, Mustafa"]
[Black "Vokhidov, Shamsiddin"]
[Result "1/2-1/2"]
[WhiteTitle "GM"]
[BlackTitle "GM"]
[WhiteElo "2601"]
[BlackElo "2624"]
[WhiteFideId "6302718"]
[BlackFideId "14204223"]
[EventDate "2024.06.06"]

1. d4 Nf6 2. c4 e6 3. Nf3 d5 4. Nc3 Be7 5. cxd5 exd5 6. Bf4 c6 7. e3 Bf5 8. Nh4
Bg4 9. Qc2 Nh5 10. h3 Bc8 11. Nf3 Nxf4 12. exf4 a5 13. Bd3 Na6 14. a3 Qd6 15.
O-O Nc7 16. Qd2 O-O 17. Rfe1 b6 18. Rad1 Rb8 19. Bb1 Bf6 20. Ne5 Re8 21. Qd3 g6
22. Qg3 Bg7 23. h4 h5 24. Re3 b5 25. Rde1 Bg4 26. f5 Bxf5 27. Bxf5 gxf5 28. Qf3
Bxe5 29. Rxe5 Qg6 30. R1e3 Rxe5 31. Rxe5 Re8 32. Rxe8+ Nxe8 33. Ne2 Ng7 34. Nf4
Qg4 35. Qe3 Qxh4 36. Qe5 Qd8 37. Nd3 Ne6 38. Qxf5 Nxd4 39. Qxh5 Qf6 40. Qg4+ Qg7
41. Qc8+ Kh7 42. Qh3+ Qh6 43. Qg4 Ne6 44. Ne5 Qc1+ 45. Kh2 Qh6+ 46. Kg1 Qc1+ 1/2-1/2

[Event "UzChess Cup Challengers"]
[Site "Tashkent UZB"]
[Date "2024.06.09"]
[Round "4.3"]
[White "Suleymanli, Aydin"]
[Black "Donchenko, Alexander"]
[Result "1/2-1/2"]
[WhiteTitle "GM"]
[BlackTitle "GM"]
[WhiteElo "2626"]
[BlackElo "2639"]
[WhiteFideId "13413937"]
[BlackFideId "24603295"]
[EventDate "2024.06.06"]

1. e4 e5 2. Nf3 Nc6 3. Bb5 a6 4. Ba4 Nf6 5. O-O Be7 6. d3 b5 7. Bb3 d6 8. a3 Na5
9. Ba2 c5 10. Nc3 Be6 11. Bg5 O-O 12. Bxf6 Bxf6 13. Nd5 g6 14. Qd2 Nc6 15. c3
Bg7 16. b4 Ne7 17. Ne3 Qd7 18. Bxe6 Qxe6 19. c4 Bh6 20. bxc5 dxc5 21. cxb5 axb5
22. Qb2 Rfb8 23. Rfc1 Qd6 24. Qxe5 Qxe5 25. Nxe5 Bg7 26. Rxc5 b4 27. f4 Rxa3 28.
Rxa3 bxa3 29. Ra5 Bxe5 30. fxe5 Rb3 31. Nc4 Rxd3 32. Rxa3 Rd4 33. Nd6 Nc6 34.
Ra8+ Kg7 35. Re8 1/2-1/2

[Event "UzChess Cup Challengers"]
[Site "Tashkent UZB"]
[Date "2024.06.09"]
[Round "4.4"]
[White "Matlakov, Maxim"]
[Black "Gupta, Abhijeet"]
[Result "1-0"]
[WhiteTitle "GM"]
[BlackTitle "GM"]
[WhiteElo "2657"]
[BlackElo "2589"]
[WhiteFideId "4168003"]
[BlackFideId "5010608"]
[EventDate "2024.06.06"]

1. d4 d5 2. c4 c6 3. Nf3 Nf6 4. Nc3 e6 5. Bg5 Nbd7 6. cxd5 exd5 7. e3 h6 8. Bh4
g5 9. Bg3 Nh5 10. Bd3 Nxg3 11. hxg3 Bg7 12. O-O O-O 13. b4 Nb6 14. a4 Be6 15.
Qc2 Qe7 16. Rab1 Rfd8 17. Nd2 Nc4 18. Nxc4 dxc4 19. Bh7+ Kh8 20. Bf5 Bxf5 21.
Qxf5 b6 22. Rfc1 a6 23. b5 axb5 24. axb5 Ra5 25. g4 Qe8 26. Rb4 Kg8 27. Rcb1 c5
28. Rxc4 cxd4 29. exd4 Qe6 30. Qxe6 fxe6 31. Rd1 Ra3 32. Ne4 Rb3 33. Rc6 Rxd4
34. Re1 Rxb5 35. Rxe6 Re5 36. Rxe5 Bxe5 37. Nxg5 Rxg4 38. Rxe5 Rxg5 39. Re6 Kg7
40. Rxb6 Ra5 41. g3 Ra1+ 42. Kg2 Ra3 43. f4 Ra1 44. Kh3 Ra2 45. Kg4 Ra3 46. Re6
Rb3 47. f5 Ra3 48. Rg6+ Kh7 49. Kh5 1-0

[Event "UzChess Cup Challengers"]
[Site "Tashkent UZB"]
[Date "2024.06.09"]
[Round "4.5"]
[White "Indjic, Aleksandar"]
[Black "Vakhidov, Jakhongir"]
[Result "1/2-1/2"]
[WhiteTitle "GM"]
[BlackTitle "GM"]
[WhiteElo "2602"]
[BlackElo "2580"]
[WhiteFideId "911925"]
[BlackFideId "14201801"]
[EventDate "2024.06.06"]

1. d4 Nf6 2. Nf3 g6 3. c4 Bg7 4. Nc3 d5 5. Qb3 dxc4 6. Qxc4 O-O 7. e4 a6 8. e5
b5 9. Qb3 Nfd7 10. e6 fxe6 11. Be3 Nf6 12. h4 Qd6 13. O-O-O Nc6 14. h5 Nxh5 15.
d5 exd5 16. Rxd5 Qb4 17. Rxb5+ Qxb3 18. Rxb3 Be6 19. Ra3 Ne5 20. Ng5 Bc4 21. Ra4
Bxf1 22. Rxf1 Nf4 23. Bxf4 Rxf4 24. Rxf4 Nd3+ 25. Kc2 Nxf4 26. g3 Bxc3 27. bxc3 1/2-1/2

[Event "UzChess Cup Challengers"]
[Site "Tashkent UZB"]
[Date "2024.06.10"]
[Round "5.1"]
[White "Vakhidov, Jakhongir"]
[Black "Predke, Alexandr"]
[Result "0-1"]
[WhiteTitle "GM"]
[BlackTitle "GM"]
[WhiteElo "2580"]
[BlackElo "2667"]
[WhiteFideId "14201801"]
[BlackFideId "24107581"]
[EventDate "2024.06.06"]

1. c4 e5 2. Nc3 Bb4 3. Nd5 Be7 4. d4 exd4 5. Qxd4 Nf6 6. Nxe7 Qxe7 7. Bg5 Nc6 8.
Qc3 d5 9. Bxf6 gxf6 10. cxd5 Nb4 11. Qd2 Bf5 12. d6 Qe4 13. f3 Nc2+ 14. Kf2 Qc6
15. d7+ Ke7 16. Rc1 Rad8 17. Qa5 b5 18. e3 Rxd7 19. Bxb5 Qc5 20. Qa3 Rd2+ 21.
Ne2 Qxa3 22. bxa3 Rb8 23. Bc4 Rb2 24. a4 Rb4 25. e4 Bxe4 26. fxe4 Rxc4 27. Rhd1
Rxd1 28. Rxd1 Rxe4 29. Rd2 Nb4 30. a3 Nc6 31. Nc3 Rc4 32. Nd5+ Kf8 33. Nxc7 Rxa4
34. Rd3 Ne5 35. Rc3 Ra5 36. Ke3 Ng4+ 37. Kf4 Nxh2 38. Rh3 Nf1 39. Rd3 Rg5 40.
Rd8+ Ke7 41. Rd1 Rc5 42. Re1+ Kf8 43. Re8+ Kg7 44. Re7 Kg6 45. Rd7 Rc4+ 46. Kf3
Rc3+ 47. Kf2 Ne3 48. Nb5 Ng4+ 49. Ke1 Re3+ 50. Kd2 a6 51. Nc3 Rg3 52. Ra7 Rxg2+
53. Ne2 h5 54. Ke1 h4 55. Nf4+ Kg5 56. Nxg2 h3 57. Nh4 Kxh4 58. Kf1 f5 59. Rxa6
Kg3 60. Ra8 f4 61. Rg8 f3 0-1

[Event "UzChess Cup Challengers"]
[Site "Tashkent UZB"]
[Date "2024.06.10"]
[Round "5.2"]
[White "Gupta, Abhijeet"]
[Black "Indjic, Aleksandar"]
[Result "0-1"]
[WhiteTitle "GM"]
[BlackTitle "GM"]
[WhiteElo "2589"]
[BlackElo "2602"]
[WhiteFideId "5010608"]
[BlackFideId "911925"]
[EventDate "2024.06.06"]

1. d4 d5 2. c4 e6 3. Nf3 a6 4. Bg5 Be7 5. Bxe7 Nxe7 6. Nbd2 Nd7 7. Rc1 O-O 8.
Qc2 c6 9. e3 b6 10. Bd3 h6 11. g4 c5 12. g5 hxg5 13. Rg1 cxd4 14. exd4 Nf6 15.
Rxg5 dxc4 16. Bxc4 Nf5 17. Ke2 Bb7 18. Rcg1 Rc8 19. Qd3 Re8 20. Ne5 Rc7 21. Kd1
b5 22. Bb3 Kf8 23. d5 Bxd5 24. Bc2 Qd6 0-1